00622nam a22002057a 450000500170000001000110001702000220002803500110005003700160006104000120007708200130008924500700010226000520017227000340022430000250025850000520028365000320033565000250036770000240039220170124110101.0 a702477 c00.00a0520018117 a702477 bCen Lib/Ret aDPLbEN a951bCUL aThe cultural revolution in china /cedited by Thomas W. Robinson  bUniversity of California Press aLondon c1971  bLondon aberkley los angeles  axiv, 509p.c23cm(Hb) aIncludes bibliographical references and index  aHistorical aspects zChina  aCultural revolution  aRobinson, Thomas W.